[Event "Castellar op"]
[Site "?"]
[Date "1996.??.??"]
[Round "?"]
[White "Cifuentes Parada, Roberto"]
[Black "Narciso Dublan, Marc"]
[Result "1-0"]
[WhiteElo "2490"]
[BlackElo "2440"]

1.d4 Nf6 2.c4 e6 3.g3 Bb4+ 4.Bd2 c5 5.Bxb4 cxb4 6.Bg2 O-O 7.Nf3 d6 8.O-O Re8
9.a3 Qb6 10.Qb3 Nc6 11.axb4 Qxb4 12.Qxb4 Nxb4 13.Ra4 a5 14.Nc3 Bd7 15.Raa1 Rec8
16.b3 Bc6 17.Rfc1 Ne4 18.Nxe4 Bxe4 19.Nd2 Bxg2 20.Kxg2 Kf8 21.Ne4 Ke7 22.c5 dxc5
23.dxc5 Nc6 24.Nd6 Rc7 25.e3 Ne5 26.b4 Nd3 27.Rcb1 Ra6 28.b5 Ra8 29.b6 Rxc5
30.Nxb7 Rc2 31.Nxa5 Rb8 32.b7 Nxf2 33.Rc1 Nd1+ 34.Kg1 Nxe3 35.Rxc2 Nxc2 36.Nc6+ Kd6
37.Nxb8 Nxa1 38.Na6  1-0

[Event "Catalunya-chT"]
[Site "Catalunya"]
[Date "1996.??.??"]
[Round "?"]
[White "Viladiu Martinez, Josep"]
[Black "Serrano Marhuenda, Salvador"]
[Result "1-0"]
[WhiteElo "2245"]
[BlackElo "2235"]

1.d4 Nf6 2.c4 e6 3.g3 Bb4+ 4.Bd2 c5 5.Nf3 Qb6 6.Bxb4 Qxb4+ 7.Qd2 Qxd2+ 8.Nbxd2 cxd4
9.Nxd4 a6 10.e4 Nc6 11.Nc2 d5 12.Bg2 dxe4 13.Nxe4 Nxe4 14.Bxe4 Bd7 15.O-O-O O-O-O
16.f4 Na5 17.Bd3 h6 18.Rhg1 Kb8 19.b3 Rc8 20.Kb2 Rhd8 21.Ne3 Nc6 22.Bb1 Ne7
23.Ng4 Be8 24.Ne3 Bc6 25.f5 exf5 26.Bxf5 Rxd1 27.Rxd1 Re8 28.Rd2 g6 29.Bc2 Kc7
30.Ng4 Ng8 31.b4 f5 32.Nf2 Nf6 33.a4 Ne4 34.Nxe4 Bxe4 35.c5 Re6 36.Bb3 Rf6
37.b5 g5 38.Bc4 axb5 39.axb5 f4 40.gxf4 Rxf4 41.Kc3 h5 42.b6+ Kc6 43.Kb4  1-0

[Event "CZE-chT 9596"]
[Site "?"]
[Date "1996.??.??"]
[Round "5"]
[White "Chloupek, Stanislav"]
[Black "Palek, Miroslav"]
[Result "1-0"]
[WhiteElo "2305"]
[BlackElo "2265"]

1.d4 Nf6 2.c4 e6 3.g3 Bb4+ 4.Bd2 Qe7 5.Nf3 b6 6.Bg2 Bb7 7.O-O Bxd2 8.Qxd2 Ne4
9.Qc2 d5 10.Nc3 O-O 11.Rac1 Nd6 12.cxd5 exd5 13.Nd2 c6 14.e4 dxe4 15.Ndxe4 f5
16.Nxd6 Qxd6 17.d5 Na6 18.dxc6 Bxc6 19.Nb5 Bxb5 20.Qb3+ Kh8 21.Qxb5 Nc5 22.Bxa8 Rxa8
23.b4 Ne6 24.Qc6 Qxc6 25.Rxc6 Ng5 26.Rfc1  1-0

[Event "CZE-chT2c 9596"]
[Site "CZE"]
[Date "1996.??.??"]
[Round "2"]
[White "Haba, Petr"]
[Black "Felix, Vaclav"]
[Result "1-0"]
[WhiteElo "2440"]
[BlackElo "2250"]

1.d4 Nf6 2.c4 e6 3.g3 Bb4+ 4.Nd2 c5 5.a3 Bxd2+ 6.Qxd2 cxd4 7.Nf3 O-O 8.Bg2 d5
9.cxd5 Qxd5 10.Qxd4 Nc6 11.Qxd5 Nxd5 12.Bd2 b6 13.O-O Ba6 14.Rfe1 Rac8 15.Rac1 Na5
16.Bxa5 bxa5 17.Nd4 Ne7 18.e3 Bc4 19.Rc3 e5 20.Nf3 Nd5 21.Rxc4 Rxc4 22.Nxe5 Nxe3
23.Rxe3 Rc1+ 24.Bf1 h6 25.Nd3  1-0

[Event "RUS-ch"]
[Site "Elista"]
[Date "1996.??.??"]
[Round "2"]
[White "Sorokin, Maxim"]
[Black "Yemelin, Vasily"]
[Result "1-0"]
[WhiteElo "2550"]
[BlackElo "2460"]

1.d4 Nf6 2.c4 e6 3.g3 Bb4+ 4.Bd2 c5 5.Bg2 Qb6 6.d5 Bxd2+ 7.Qxd2 exd5 8.cxd5 O-O
9.Nc3 d6 10.Nf3 Bg4 11.Ng5 h6 12.Nge4 Nxe4 13.Bxe4 Nd7 14.h3 Bh5 15.f4 f5
16.Bc2 Rae8 17.O-O-O c4 18.Rhg1 Qe3 19.g4 Bg6 20.Nb5 Rf6 21.gxf5 Bxf5 22.Bxf5 Rxf5
23.Nxd6 Rxd5 24.Rxg7+  1-0

[Event "RUS-ch (Women)"]
[Site "Elista"]
[Date "1996.??.??"]
[Round "3"]
[White "Shumiakina, Tatiana"]
[Black "Fatalibekova, Elena"]
[Result "1/2-1/2"]
[WhiteElo "2350"]
[BlackElo "2240"]

1.d4 Nf6 2.c4 e6 3.g3 Bb4+ 4.Bd2 c5 5.Bxb4 cxb4 6.Bg2 O-O 7.Nf3 d5 8.Nbd2 Nc6
9.O-O Ne4 10.e3 f5 11.Ne5 a5 12.Ndf3 Ne7 13.Rc1 b6 14.Nd2 Ba6 15.Re1 Rc8
16.Nxe4 dxe4 17.Qa4 Ng6 18.Nxg6 hxg6 19.Qb3 Qd7 20.Bf1  1/2-1/2

[Event "NRW-Liga II 9596"]
[Site "Germany"]
[Date "1996.??.??"]
[Round "?"]
[White "Prange, Stefan"]
[Black "Seedorf, Sven"]
[Result "0-1"]
[WhiteElo "2055"]
[BlackElo "2215"]

1.d4 e6 2.g3 Nf6 3.c4 Bb4+ 4.Nd2 O-O 5.Bg2 d5 6.Nf3 b6 7.O-O Bb7 8.Qc2 Nbd7
9.Rd1 Bd6 10.b3 Qe7 11.Bb2 c5 12.Rac1 Rac8 13.Qb1 Rfd8 14.e3 Bb8 15.Qa1 a6
16.a4 Ne8 17.h4 cxd4 18.exd4 a5 19.Ne5 Nxe5 20.dxe5 Rd7 21.cxd5 Rxc1 22.Qxc1 exd5
23.Nf3 Nc7 24.Qe3 Ba7 25.Bd4 Ne6 26.Bxb6 d4 27.Bxd4 Bxf3 28.Qxf3 Bxd4 29.Rc1 Rd8
30.Qf5 g6 31.Qg4 Bxe5 32.Re1 Bc3 33.Re3 h5 34.Qc4 Bb4 35.Bh3 Rd1+ 36.Kh2 Rd6
37.g4 Qxh4 38.Kg2 hxg4 39.Bxg4 Qg5 40.Kf3 Nd4+ 41.Kg3 Nf5+  0-1

[Event "Oberliga Nord W9596"]
[Site "Germany"]
[Date "1996.??.??"]
[Round "?"]
[White "Von Alvensleben, Wolfram"]
[Black "Buchenau, Frank"]
[Result "1-0"]
[WhiteElo "2235"]
[BlackElo "2235"]

1.d4 e6 2.c4 Nf6 3.g3 Bb4+ 4.Nd2 O-O 5.Bg2 Re8 6.Nf3 Bf8 7.b3 d6 8.Bb2 c5
9.dxc5 dxc5 10.Ne5 Nfd7 11.Nxd7 Nxd7 12.O-O Nf6 13.Nf3 Qe7 14.Ne5 Qc7 15.Qd2 Nd7
16.Qc3 Nxe5 17.Qxe5 Qxe5 18.Bxe5 Rd8 19.Rad1 Rxd1 20.Rxd1 Be7 21.Bxb7 Bxb7
22.Rd7 Be4 23.Rxe7 a5 24.f3 Bb1 25.a4 Bc2 26.Rb7 Rd8 27.Bc7 Rd1+ 28.Kf2 h6
29.Bxa5 Rb1 30.Bb6 Rxb3 31.a5 Ra3 32.Rc7 Bb3 33.Rxc5 Ra2 34.Ke3 Bd1 35.Rc8+ Kh7
36.c5 Bxe2 37.c6 e5 38.Ke4 f6 39.c7 Bc4 40.Rh8+ Kg6 41.c8=Q  1-0

[Event "Koop Tjuchem op"]
[Site "Groningen"]
[Date "1996.??.??"]
[Round "10"]
[White "Meins, Gerlef"]
[Black "Finkel, Alexander"]
[Result "1-0"]
[WhiteElo "2465"]
[BlackElo "2505"]

1.d4 Nf6 2.c4 e6 3.g3 Bb4+ 4.Nd2 c5 5.a3 Bxd2+ 6.Qxd2 cxd4 7.Nf3 Nc6 8.Nxd4 Na5
9.Qd3 d5 10.cxd5 Qxd5 11.Qb5+ Qxb5 12.Nxb5 O-O 13.Bg2 Bd7 14.Nd6 Nb3 15.Rb1 Bc6
16.Bxc6 bxc6 17.Bg5 Rfd8 18.Nc4 h6 19.Bxf6 gxf6 20.Rd1 Rxd1+ 21.Kxd1 Rd8+
22.Kc2 Nd4+ 23.Kd3 c5 24.e3 Nf3+ 25.Ke2 Ne5 26.Nxe5 fxe5 27.Rc1 Rb8 28.Rxc5 Rxb2+
29.Kf1 Rb6 30.Ra5 a6 31.Rxe5 Rc6 32.h3 Kg7 33.g4 f6 34.Ra5 e5 35.Kg2 Kg6
36.Kg3 h5 37.gxh5+ Kxh5 38.f4 Re6 39.fxe5 fxe5 40.Kf3 Kg5 41.Ke4 Kf6 42.Kd5 Rb6
43.e4 Re6 44.Rc5  1-0

[Event "Hafnarfjordur op"]
[Site "Hafnarfjordur"]
[Date "1996.??.??"]
[Round "2"]
[White "Viglundsson, Bjorgvin"]
[Black "Kristensen, Bjarke"]
[Result "1/2-1/2"]
[WhiteElo "2280"]
[BlackElo "2420"]

1.d4 Nf6 2.c4 e6 3.g3 Bb4+ 4.Bd2 Be7 5.Bg2 O-O 6.Nc3 d5 7.Nf3 dxc4 8.Qa4 a6
9.Qxc4 b5 10.Qb3 Bb7 11.O-O Nbd7 12.Rfd1 c5 13.Be3 Qa5 14.Ne5 Bxg2 15.Kxg2 Nxe5
16.dxe5 Ng4 17.Bf4 Qc7 18.Ne4 Nxe5 19.Qc3 f6 20.Bxe5 fxe5 21.Rac1 Rac8 22.b3 h6
23.Rc2 Rfd8 24.Rxd8+ Qxd8 25.Qxe5 Qd5 26.Qf4 c4 27.f3 Bg5 28.Qg4 Rc6 29.h4 Be7
30.bxc4 Rxc4 31.Rd2 Rxe4 32.Rxd5 Rxg4 33.Rd7 Ra4 34.Rxe7 Rxa2 35.Rxe6 a5
36.Kf2 a4 37.Rb6 Rb2 38.Ra6 Rb3 39.g4 a3 40.f4 b4 41.g5 hxg5 42.hxg5 Rb2
43.f5 a2 44.g6 Kf8 45.Ra7 Rc2 46.Rf7+ Ke8 47.Ra7 Rc5 48.Rxa2  1/2-1/2

[Event "Hafnarfjordur op"]
[Site "Hafnarfjordur"]
[Date "1996.??.??"]
[Round "9"]
[White "Raetsky, Alexander"]
[Black "Karason, Askell O"]
[Result "0-1"]
[WhiteElo "2455"]
[BlackElo "2245"]

1.d4 Nf6 2.c4 e6 3.g3 Bb4+ 4.Nd2 O-O 5.Bg2 d6 6.Nf3 Nc6 7.O-O e5 8.Nb3 exd4
9.Nfxd4 Nxd4 10.Nxd4 Bc5 11.b3 Re8 12.Bb2 c6 13.Qc2 Re5 14.e4 Rh5 15.Rad1 Ng4
16.h3 Ne5 17.Nf5 Bxf5 18.exf5 Qg5 19.g4 Nxg4 20.hxg4 Qxg4 21.Qe4 Qg3  0-1

[Event "IND-ch"]
[Site "Kasaragod"]
[Date "1996.??.??"]
[Round "12"]
[White "Mishra, Neeraj Kumar"]
[Black "Gokhale, CS."]
[Result "1-0"]
[WhiteElo "2390"]
[BlackElo "2340"]

1.d4 Nf6 2.c4 e6 3.g3 Bb4+ 4.Bd2 Bxd2+ 5.Nxd2 d5 6.Bg2 Nc6 7.Ngf3 O-O 8.O-O Qe7
9.Qc2 Rd8 10.Rad1 Bd7 11.a3 a5 12.Rfe1 Be8 13.e4 dxc4 14.Nxc4 Nb8 15.Ne3 Na6
16.h4 h6 17.e5 Nd5 18.Nxd5 exd5 19.Nh2 Qe6 20.Bf1 Bd7 21.Bd3 Rac8 22.Qd2 a4
23.Bb1 c5 24.Qd3 g6 25.h5 Be8 26.Nf3 Kg7 27.hxg6 fxg6 28.Qe3 b6 29.Kg2 Bf7
30.Rh1 Rh8 31.Bc2 Qc6 32.Rh2 Nc7 33.Rdh1 Ne6 34.Rxh6 cxd4 35.Qd2 Qxc2 36.Rxh8 Qxd2
37.R1h7+  1-0

[Event "Koszalin op"]
[Site "Koszalin"]
[Date "1996.??.??"]
[Round "6"]
[White "Urban, Klaudiusz"]
[Black "Ovetchkin, Roman"]
[Result "1/2-1/2"]
[WhiteElo "2440"]
[BlackElo "2385"]

1.d4 Nf6 2.c4 e6 3.g3 Bb4+ 4.Bd2 Qe7 5.Bg2 Nc6 6.e3 e5 7.d5 Bxd2+ 8.Qxd2 Nb8
9.d6 Qxd6 10.Qxd6 cxd6 11.Nc3 Ke7 12.Nge2 Na6 13.O-O Nc7 14.Rac1 Rb8 15.Nb5 Nxb5
16.cxb5 b6 17.Rc7 a6 18.Nc3 axb5 19.Nd5+ Nxd5 20.Bxd5 b4 21.Ra7 b5 22.Rc1 Rd8
23.f3 Rb6 24.Kf2 Ba6 25.Rcc7 Ke8 26.e4 Ke7 27.Ke3 Ke8 28.Kd2 h6 29.Kc2 b3+
30.Kxb3 b4 31.Bc4 Bxc4+ 32.Rxc4 Rdb8 33.Ra4 d5 34.exd5 f5 35.Raxb4 Ke7 36.Rxb6 Rxb6+
37.Rb4 Ra6 38.a4 Kd6 39.Kc4 Ra5 40.b3 Rc5+ 41.Kd3 Kxd5 42.Rb7 d6 43.b4 e4+
44.Kd2 Rc4 45.fxe4+ fxe4 46.Rb6 Ke5 47.a5 Rd4+ 48.Ke2 Rd3 49.a6 Ra3 50.Rb5+ Kd4
51.Ra5 Re3+ 52.Kd2 Rd3+ 53.Ke2 Re3+  1/2-1/2

[Event "Kuala Lumpur schev"]
[Site "Kuala Lumpur"]
[Date "1996.??.??"]
[Round "6"]
[White "Murugan, Krishnamoorthy"]
[Black "Ooi Chern Ee"]
[Result "0-1"]
[WhiteElo "2410"]
[BlackElo "2220"]

1.d4 Nf6 2.c4 e6 3.g3 Bb4+ 4.Bd2 Qe7 5.Bg2 Nc6 6.Nf3 Bxd2+ 7.Nbxd2 d6 8.O-O a5
9.e4 e5 10.d5 Nb8 11.Ne1 O-O 12.Nd3 Na6 13.a3 c6 14.dxc6 bxc6 15.b4 c5 16.b5 Nc7
17.a4 Ne6 18.Ne1 Nd4 19.Nc2 Bb7 20.Ne3 g6 21.Ra3 Nd7 22.Nb1 Nb6 23.Nc3 f5
24.exf5 Bxg2 25.Kxg2 gxf5 26.Ncd5 Qb7 27.Kh3 f4 28.gxf4 exf4 29.Nxb6 Qxb6
30.Nd5 Qb7 31.Rd3 Rae8 32.Rg1+ Kh8 33.Rxd4 cxd4 34.Qxd4+ Re5 35.Rg5 Qd7+
36.Kg2 Rf5 37.Rxf5 Qxf5 38.Nxf4 Qe4+ 39.Qxe4 Rxe4 40.Nd5 Rxc4 41.b6 Rxa4
42.h3 Ra3  0-1

[Event "Laguna olm blind"]
[Site "Laguna"]
[Date "1996.??.??"]
[Round "2"]
[White "Bischoff, Dieter"]
[Black "Zoltek, Tadeusz"]
[Result "1/2-1/2"]
[WhiteElo "2185"]
[BlackElo "2290"]

1.d4 Nf6 2.c4 e6 3.g3 Bb4+ 4.Bd2 Qe7 5.Nf3 Nc6 6.Nc3 Bxc3 7.Bxc3 Ne4 8.Rc1 O-O
9.Bg2 d6 10.d5 Nxc3 11.Rxc3 Nd8 12.O-O e5 13.c5 Bg4 14.cxd6 cxd6 15.Qd2 Rc8
16.Rxc8 Bxc8  1/2-1/2

[Event "Leiner op"]
[Site "Leiner"]
[Date "1996.??.??"]
[Round "6"]
[White "Kiss, Attila"]
[Black "Grosar, Aljosa"]
[Result "1/2-1/2"]
[WhiteElo "2395"]
[BlackElo "2470"]

1.d4 Nf6 2.c4 e6 3.g3 Bb4+ 4.Bd2 c5 5.Bxb4 cxb4 6.Bg2 O-O 7.Nf3 d6 8.O-O Qc7
9.Qb3 a5 10.a3 Na6 11.axb4 Nxb4 12.Na3 Bd7 13.Rac1 Rfc8 14.Ne1 d5 15.Nd3 Nxd3
16.Qxd3 Qb6 17.b3 Bc6 18.Rc3 h6 19.Rfc1 Qa6 20.f3 Rd8 21.e3 Rab8 22.Kf2 Qa8
23.c5 b5 24.cxb6 Rxb6 25.Qc2 Bd7 26.Bf1 Rdb8 27.Be2 g6 28.Rb1 R8b7 29.Qa2 Qb8
30.Nc2 Kg7 31.Rc5 Bb5 32.Bxb5 Rxb5 33.Rxb5 Rxb5 34.Ne1 Qc7 35.Qc2 Qxc2+ 36.Nxc2 Nd7
37.Ke2 Kf8 38.Kd2 Nb8 39.Ne1 Ke7 40.Nd3 Nc6 41.Kc3 Rb8  1/2-1/2

[Event "Leiner op"]
[Site "Leiner"]
[Date "1996.??.??"]
[Round "8"]
[White "Kiss, Attila"]
[Black "Farago, Ivan"]
[Result "1/2-1/2"]
[WhiteElo "2395"]
[BlackElo "2525"]

1.d4 Nf6 2.c4 e6 3.g3 Bb4+ 4.Bd2 Be7 5.Bg2 d5 6.Nf3 O-O 7.O-O c6 8.Qc2 b6
9.b3 Nbd7 10.Rd1 Ba6 11.Bf4 Rc8 12.Nc3 Nh5 13.Bc1 f5 14.e3 Bd6 15.a4 Nhf6
16.Ba3 Bxa3 17.Rxa3 Qe7 18.Qb2 dxc4 19.Bf1 Nd5 20.bxc4 Nxc3 21.Qxc3 c5 22.Ra2 Nf6
23.Ne5 Rfd8 24.Qe1 Nd7 25.Rad2 cxd4 26.exd4 Nxe5  1/2-1/2

[Event "London"]
[Site "London"]
[Date "1996.??.??"]
[Round "3"]
[White "Whiteley, Andrew J"]
[Black "Martin, Benjamin"]
[Result "1-0"]
[WhiteElo "2295"]
[BlackElo "2375"]

1.d4 Nf6 2.c4 e6 3.g3 Bb4+ 4.Bd2 Qe7 5.Nf3 b6 6.Bg2 Bb7 7.O-O Bxd2 8.Qxd2 c5
9.Nc3 cxd4 10.Nxd4 Bxg2 11.Kxg2 O-O 12.Ndb5 Qc5 13.b3 d5 14.cxd5 Nxd5 15.Rac1 Nxc3
16.Nxc3 Na6 17.Rfd1 h6 18.Ne4 Qb5 19.Rc4 Qe5 20.Qd6 Qb2 21.Rd2 Qb1 22.Qa3 b5
23.Nc3 Qf5 24.Rc6 b4 25.Qxa6 bxc3 26.Rxc3 Qe4+ 27.f3 Qe5 28.Rdc2 Rfd8 29.Rc7 Rd1
30.Rxa7 Rxa7 31.Qxa7 Qa1 32.Qf2 Qb1 33.e3 h5 34.Rc8+  1-0

[Event "Loures2"]
[Site "Loures"]
[Date "1996.??.??"]
[Round "8"]
[White "Pinho, Paulo"]
[Black "Spraggett, Kevin"]
[Result "0-1"]
[WhiteElo "2135"]
[BlackElo "2530"]

1.d4 Nf6 2.c4 e6 3.g3 Bb4+ 4.Bd2 Qe7 5.Bg2 Nc6 6.Nf3 Bxd2+ 7.Nbxd2 d6 8.O-O a5
9.e3 O-O 10.Rc1 e5 11.d5 Nb4 12.a3 Na6 13.Qc2 Bd7 14.b3 c6 15.Nh4 g6 16.e4 b5
17.dxc6 Bxc6 18.cxb5 Bxb5 19.Rfd1 Nc5 20.Nc4 Bxc4 21.Qxc4 Rfb8 22.Rc3 Kg7
23.Re3 Rc8 24.Qe2 Rab8 25.Rb1 Qe6 26.b4 axb4 27.axb4 Rb6 28.Qe1 Rcb8 29.Bf1 Qe7
30.f3 Ne6 31.Reb3 Nd4 32.R3b2 Qa7 33.Kh1 Qa3 34.Kg2 h6 35.Bc4 Qa8 36.Qd2 Qb7
37.Kf2 Nxf3  0-1

[Event "Terres Catalanes"]
[Site "Manresa"]
[Date "1996.??.??"]
[Round "3"]
[White "Cifuentes Parada, Roberto"]
[Black "Garcia Ilundain, David"]
[Result "1-0"]
[WhiteElo "2500"]
[BlackElo "2520"]

1.d4 Nf6 2.c4 e6 3.g3 Bb4+ 4.Bd2 Be7 5.Bg2 d5 6.Nf3 O-O 7.O-O c6 8.Qc2 b6
9.b3 Bb7 10.Rd1 Na6 11.Nc3 Rc8 12.Bf4 c5 13.cxd5 Nxd5 14.Nxd5 Bxd5 15.e4 cxd4
16.Qe2 Bb7 17.Nxd4 Qe8 18.Nb5 f6 19.Nxa7 Ra8 20.Nb5  1-0

[Event "Terres Catalanes"]
[Site "Manresa"]
[Date "1996.??.??"]
[Round "9"]
[White "Cifuentes Parada, Roberto"]
[Black "Vehi Bach, Victor Manuel"]
[Result "1-0"]
[WhiteElo "2500"]
[BlackElo "2365"]

1.d4 Nf6 2.c4 e6 3.g3 Bb4+ 4.Bd2 Qe7 5.Bg2 Nc6 6.Nf3 Bxd2+ 7.Nbxd2 d6 8.O-O a5
9.e4 e5 10.d5 Nb8 11.Ne1 O-O 12.Nd3 Na6 13.a3 Bg4 14.f3 Bd7 15.b4 c6 16.dxc6 bxc6
17.Qb3 axb4 18.axb4 Nc7 19.Qc3 Rfb8 20.Nb3 Qd8 21.Rfd1 Rxa1 22.Rxa1 Ra8 23.Rd1 Qb8
24.c5 Nb5 25.Qb2 Be6 26.cxd6 Bxb3 27.Qxb3 Qxd6 28.Qc4 h5 29.Qc5 Rd8 30.Qxd6 Rxd6
31.Bf1 g5 32.Rc1 Nd7 33.Kf2 Kg7 34.Ke3 Nd4 35.Bh3 f6 36.Bxd7 Rxd7 37.f4 gxf4+
38.gxf4 exf4+ 39.Nxf4 Rd6 40.Nxh5+ Kf7 41.Ng3 Ke6 42.Rc4 Ke5 43.Rc5+ Ke6
44.h4 Kf7 45.Rc1 Ke7 46.h5 Rd8 47.h6 Ne6 48.Rf1  1-0

[Event "RUS-Cup2"]
[Site "Moscow"]
[Date "1996.??.??"]
[Round "6"]
[White "Granovski, Aleksandar"]
[Black "Popov, Alexey"]
[Result "1-0"]
[WhiteElo "2250"]
[BlackElo "2240"]

1.d4 e6 2.c4 Nf6 3.g3 Bb4+ 4.Nd2 O-O 5.Bg2 d6 6.a3 Bxd2+ 7.Bxd2 Qe7 8.Nf3 a5
9.b3 e5 10.O-O Nc6 11.d5 Nb8 12.Ne1 Nbd7 13.Bc3 Nb6 14.Qd3 Nfd7 15.b4 Na4
16.e4 f5 17.exf5 Nxc3 18.Qxc3 Rxf5 19.bxa5 Nc5 20.Nc2 Rf8 21.Ne3 Qe8 22.a4 Nxa4
23.Qc2 Rxa5 24.c5 Ra6 25.Be4 Nxc5 26.Bxh7+ Kh8 27.Bg6  1-0

[Event "JUG-chT"]
[Site "Niksic"]
[Date "1996.??.??"]
[Round "?"]
[White "Stamenkovic, Zoran"]
[Black "Damljanovic, Branko"]
[Result "0-1"]
[WhiteElo "2385"]
[BlackElo "2470"]

1.d4 Nf6 2.c4 e6 3.g3 Bb4+ 4.Bd2 Qe7 5.Nf3 b6 6.Bg2 Bb7 7.Nc3 O-O 8.O-O d6
9.d5 Bxc3 10.Bxc3 Ne4 11.Rc1 c5 12.dxc6 Nxc6 13.Nd4 f5 14.Nxc6 Bxc6 15.Bb4 Rad8
16.Rc2 e5 17.Bxe4 fxe4 18.Rd2 Rf6 19.Qb3 Qf7 20.Qa3 Qxc4 21.e3 Rf7 22.Bxd6 Bb5
23.Rfd1 Qe6 24.Qc3 Bd3 25.Bc7 Rc8 26.Qxe5 Qc6 27.Bb8 Re8 28.Qd6 Qb7  0-1

[Event "Oberwart op"]
[Site "Oberwart"]
[Date "1996.??.??"]
[Round "6"]
[White "Gleizerov, Evgeny"]
[Black "Farago, Ivan"]
[Result "1/2-1/2"]
[WhiteElo "2545"]
[BlackElo "2515"]

1.d4 Nf6 2.c4 e6 3.g3 Bb4+ 4.Bd2 Be7 5.Nf3 d5 6.Bg2 O-O 7.O-O c6 8.Qb3 b6
9.Nc3 Ba6 10.cxd5 cxd5 11.Ne5 Bb7 12.Rfc1 Nc6 13.Nxd5 Nxd4 14.Nxe7+ Qxe7
15.Qd3 Bxg2 16.Qxd4 Rfd8 17.Qb4 Qxb4 18.Bxb4 Bb7 19.Rc7 Ba6 20.Nxf7 Nd5 21.Nxd8 Nxc7
22.Nc6  1/2-1/2

[Event "Komercni Banka op"]
[Site "Pardubice"]
[Date "1996.??.??"]
[Round "5"]
[White "Evseev, Denis"]
[Black "Seder, Nicolae"]
[Result "1-0"]
[WhiteElo "2395"]
[BlackElo "2245"]

1.d4 Nf6 2.c4 e6 3.g3 Bb4+ 4.Bd2 Qe7 5.Bg2 Nc6 6.Nf3 O-O 7.O-O Bxd2 8.Qxd2 d6
9.Nc3 e5 10.d5 Nb8 11.e4 a5 12.b3 Na6 13.a3 Bg4 14.Ne1 Qd7 15.Nd3 Bh3 16.f4 Bxg2
17.Qxg2 exf4 18.gxf4 Qg4 19.Rae1 Qxg2+ 20.Kxg2 Nd7 21.Nb5 f6 22.Re3 Rf7 23.Nd4 Ndc5
24.Nxc5 Nxc5 25.f5 Nd7 26.Ne6 Nc5 27.Kf3 g5 28.h4 gxh4 29.Rh1 Nd7 30.Kf4 Ne5
31.Rc3 b6 32.Rxh4 Kh8 33.Rhh3 Rg8 34.Rhg3 Rc8 35.Rc2 Re7 36.a4 Rg8 37.Rxg8+ Kxg8
38.Rg2+ Kh8 39.Rg3 h6 40.Rh3 Kh7 41.Rg3 Kh8 42.Ke3 Rf7 43.Nf4 Kh7 44.Nh5 Kh8
45.Kd4 Kh7 46.Kc3 Kh8 47.b4 axb4+ 48.Kxb4 Kh7 49.Kb5 Kh8 50.Ka6 Nd7 51.Kb7 Nc5+
52.Kc6 Kh7 53.Rg4 Nd3 54.Kb7 Nf2 55.Rh4 Kg8 56.Nf4 Nxe4 57.Ne6 Nc5+ 58.Nxc5 dxc5
59.Rxh6 Kg7 60.Rh1 Re7 61.Kc8  1-0

[Event "Portoroz"]
[Site "Portoroz"]
[Date "1996.??.??"]
[Round "?"]
[White "Hulak, Krunoslav"]
[Black "Dizdar, Selim"]
[Result "1-0"]
[WhiteElo "2545"]
[BlackElo "2400"]

1.d4 Nf6 2.c4 e6 3.g3 Bb4+ 4.Bd2 Qe7 5.Nf3 Nc6 6.Nc3 O-O 7.Bg2 d5 8.a3 Bxc3
9.Bxc3 Rd8 10.O-O Ne4 11.Qc2 a5 12.b3 Bd7 13.Bb2 Be8 14.Rac1 Rac8 15.Rfd1 f6
16.Nd2 Nxd2 17.Rxd2 Bg6 18.Qc3 Rd7 19.Rdd1 Rcd8 20.e3 h5 21.h4 Bf5 22.Qe1 a4
23.b4 Bg4 24.f3 Bf5 25.b5 Na7 26.e4 dxe4 27.fxe4 Bg4 28.Rd3 c5 29.d5 exd5
30.cxd5 Nxb5 31.e5 fxe5 32.Bxe5 Nd6 33.Qc3 b6 34.Re3 Nf5 35.Ree1 Rxd5 36.Bxd5+ Rxd5
37.Qc4 Qf7 38.Qxa4 Rd3 39.Rc3 Qd5 40.Qe4 Qxe4 41.Rxe4 Rxc3 42.Bxc3 Nxg3 43.Re3 Ne2+
44.Kf2 Nxc3 45.Rxc3 Bd7 46.Rd3 Ba4 47.Rd5 Be8 48.Ke3 Kf7 49.Rxh5 Ke6 50.Rg5 g6
51.Ke4 Kd6 52.Rd5+ Kc6 53.Ke5 Kc7 54.Kf6 c4 55.Re5 Ba4 56.Re4 b5 57.Ke5 Bc2
58.Re3 Kb6 59.Kd4 Bf5 60.Kc3  1-0

[Event "Seefeld op"]
[Site "Seefeld"]
[Date "1996.??.??"]
[Round "?"]
[White "Raetsky, Alexander"]
[Black "Kuporosov, Viktor"]
[Result "1/2-1/2"]
[WhiteElo "2455"]
[BlackElo "2510"]

1.d4 Nf6 2.c4 e6 3.g3 Bb4+ 4.Bd2 Be7 5.Bg2 d5 6.Nf3 c6 7.Qb3 b6 8.Bf4 O-O
9.O-O Bb7 10.Nc3 Nbd7 11.Rfd1 Nh5 12.Bd2 Rc8 13.Rac1 Nhf6 14.cxd5 exd5 15.Bf4  1/2-1/2

[Event "Seefeld op"]
[Site "Seefeld"]
[Date "1996.??.??"]
[Round "?"]
[White "Raetsky, Alexander"]
[Black "Epishin, Vladimir"]
[Result "0-1"]
[WhiteElo "2455"]
[BlackElo "2620"]

1.d4 Nf6 2.c4 e6 3.g3 Bb4+ 4.Nd2 c5 5.dxc5 Bxc5 6.Bg2 Nc6 7.Ngf3 O-O 8.O-O Re8
9.a3 a5 10.Qc2 h6 11.b3 e5 12.Bb2 d6 13.Rad1 Qb6 14.e3 Bg4 15.h3 Bh5 16.g4 Bg6
17.e4 h5 18.g5 Nh7 19.Nb1 Qd8 20.h4 f6 21.Qd2 fxg5 22.Nxg5 Rf8 23.Ne6 Qxh4
24.Nxc5 dxc5 25.Qd5+ Kh8 26.Qxc5 Ng5 27.Qe3 Rf3 28.Bxf3 Nxf3+ 29.Qxf3 Bxe4
30.Qxe4 Qxe4 31.f3 Qe3+ 32.Kg2 Qxb3 33.Rd2 Qxc4 34.Nc3 Rd8 35.Rxd8+ Nxd8
36.Ne4 Nf7 37.Rf2 g5 38.Rd2 g4 39.Bc3 gxf3+ 40.Kxf3 Ng5+ 41.Nxg5 Qxc3+ 42.Ke2 Qc4+  0-1

[Event "Zhukov mem"]
[Site "Spasskoe"]
[Date "1996.??.??"]
[Round "9"]
[White "Mochalov, Evgeny V"]
[Black "Nikolenko, Oleg"]
[Result "1/2-1/2"]
[WhiteElo "2515"]
[BlackElo "2485"]

1.d4 e6 2.c4 Nf6 3.g3 Bb4+ 4.Bd2 Be7 5.Bg2 d5 6.Nf3 O-O 7.O-O c6 8.Qc2 b6
9.Rd1 Bb7 10.Bf4 Nbd7 11.Nc3 Rc8 12.Ne5 Nh5 13.Be3 Nhf6 14.h3 Qc7 15.Bf4 Bd6
16.cxd5 cxd5 17.Qa4 Nxe5 18.dxe5 Bxe5 19.Bxe5 Qxe5 20.Qxa7 Qc7 21.Nb5 Qc5
22.Nd4 Ba8 23.e3 Ne4 24.Qa6 e5 25.Bxe4 dxe4 26.Nb3 Qc6 27.Rac1 Qe6 28.Rxc8 Rxc8
29.Rd6 Qxh3 30.Qxb6 h5 31.Rd8+ Kh7 32.Rxc8 Qxc8 33.Qd6 Qf5 34.Qd8 Bc6 35.Nc5 Bb5
36.a4 Bd3 37.Qd7 Qf3 38.Nxd3 Qd1+ 39.Kg2 exd3 40.Qf5+ Kh6 41.Qxe5 d2 42.Qf4+  1/2-1/2

[Event "Zhukov mem"]
[Site "Spasskoe"]
[Date "1996.??.??"]
[Round "10"]
[White "Mochalov, Evgeny V"]
[Black "Kiselev, Sergey"]
[Result "1/2-1/2"]
[WhiteElo "2515"]
[BlackElo "2525"]

1.d4 Nf6 2.c4 e6 3.g3 Bb4+ 4.Bd2 Be7 5.Bg2 d5 6.Nf3 c6 7.Qc2 b6 8.Bf4 O-O
9.O-O Ba6 10.Ne5 Nfd7 11.cxd5 cxd5 12.Nc3 Nxe5 13.Bxe5 Bb7 14.e4 dxe4 15.Bxe4 Bxe4
16.Qxe4 Nd7 17.Rfd1 Nf6 18.Qf3 Nd5  1/2-1/2

[Event "Petrov mem"]
[Site "St Petersburg"]
[Date "1996.??.??"]
[Round "3"]
[White "Biriukov, Oleg V"]
[Black "Krogius, Nikolai V"]
[Result "1/2-1/2"]
[WhiteElo "2330"]
[BlackElo "2490"]

1.d4 Nf6 2.c4 e6 3.g3 Bb4+ 4.Bd2 a5 5.Bg2 d5 6.Qc2 Nc6 7.Nf3 dxc4 8.Qxc4 Qd5
9.Qd3 Qe4 10.Qxe4 Nxe4 11.Bxb4 Nxb4 12.O-O Nd6 13.Nc3 Nd5 14.Rac1 Nxc3 15.Rxc3 c6
16.e3 Ke7 17.Ne5 Bd7 18.Rd1 Rhc8  1/2-1/2

[Event "Petrov mem"]
[Site "St Petersburg"]
[Date "1996.??.??"]
[Round "7"]
[White "Neverov, Valeriy"]
[Black "Biriukov, Oleg V"]
[Result "1-0"]
[WhiteElo "2515"]
[BlackElo "2330"]

1.d4 Nf6 2.c4 e6 3.g3 Bb4+ 4.Bd2 Be7 5.Bg2 d5 6.Nf3 O-O 7.O-O c6 8.Qb3 Nbd7
9.Rc1 b6 10.cxd5 cxd5 11.Nc3 Bb7 12.a4 a6 13.a5 b5 14.Na2 Rc8 15.Rxc8 Qxc8
16.Rc1 Qa8 17.Bb4 Bxb4 18.Qxb4 Rc8 19.Ne5 Rxc1+ 20.Nxc1 Qf8 21.Qd2 Nxe5 22.dxe5 Nd7
23.Nd3 Nc5 24.Nf4 Nd7 25.e4 Nxe5 26.exd5 exd5 27.Qd4 Nc4 28.b3 Nd6 29.Bxd5 Bc8
30.h4 Qd8 31.Nh5 Qf8 32.Qe5 Nf5 33.Qc7 Nd6 34.Nf4 Kh8 35.Nd3 f6 36.Nc5 h6
37.Be6 Ne4 38.Qxc8  1-0

[Event "Tampere Elo Taraus op"]
[Site "Tampere"]
[Date "1996.??.??"]
[Round "3"]
[White "Maki Uuro, Miikka"]
[Black "Karner, Hillar"]
[Result "1-0"]
[WhiteElo "2265"]
[BlackElo "2315"]

1.d4 Nf6 2.c4 e6 3.g3 Bb4+ 4.Nd2 a5 5.Bg2 d6 6.e4 e5 7.Ne2 Nc6 8.d5 Nb8 9.a3 Bc5
10.b3 h5 11.h3 h4 12.Nf1 hxg3 13.fxg3 c6 14.Be3 Na6 15.Qd3 cxd5 16.exd5 Qb6
17.Rb1 Bd7 18.g4 Qc7 19.Nfg3 Bxa3 20.O-O Bc5 21.g5 Qb6 22.Bxc5 Nxc5 23.Qe3 Ng8
24.Ne4 Ne7 25.N2g3 Nc8 26.g6 f6 27.Nxf6+ gxf6 28.g7 Rg8 29.Nh5 Kd8 30.Rxf6 Ne7
31.Kh1 Be8 32.Rf8 Nd7 33.Qxb6+ Nxb6 34.Nf6 Rxg7 35.Rxe8+ Kc7 36.Rxa8 Rf7
37.Re8 Nf5 38.Ne4 Ng7 39.Rg8 Nh5 40.Ng5 Rf2 41.Ne6+  1-0

[Event "CZE-ch (Women)"]
[Site "Usti nad Labem"]
[Date "1996.??.??"]
[Round "8"]
[White "Mackova, Eva"]
[Black "Ptacnikova, Lenka"]
[Result "1/2-1/2"]
[WhiteElo "2175"]
[BlackElo "2185"]

1.d4 Nf6 2.c4 e6 3.g3 Bb4+ 4.Bd2 a5 5.Bg2 d5 6.cxd5 exd5 7.Nf3 Nc6 8.O-O Bf5
9.Bg5 h6 10.Bxf6 Qxf6 11.a3 Be7 12.Nc3 Be4 13.Ne5 Nxe5 14.dxe5 Qxe5 15.Bxe4 dxe4
16.Qa4+ c6 17.Qxe4 Qxe4 18.Nxe4 O-O-O 19.Rfd1  1/2-1/2

[Event "Vienna op-B"]
[Site "Vienna"]
[Date "1996.??.??"]
[Round "2"]
[White "Usov, A."]
[Black "Strauss, Anton"]
[Result "1-0"]
[WhiteElo "2320"]
[BlackElo "2240"]

1.d4 Nf6 2.c4 e6 3.g3 Bb4+ 4.Bd2 Qe7 5.Bg2 Nc6 6.Nf3 Bxd2+ 7.Nbxd2 d6 8.O-O a5
9.e4 e5 10.d5 Nb8 11.Ne1 b6 12.b3 Bg4 13.f3 Bd7 14.a3 O-O 15.Nd3 g6 16.Qe2 Nh5
17.f4 Na6 18.b4 f5 19.fxe5 dxe5 20.exf5 Bxf5 21.d6 Qxd6 22.Bxa8 Rxa8 23.Ne4 Qd4+
24.Ndf2 Bxe4 25.Rad1  1-0